000 00544nam a2200193 a 4500
001 1769943201352
003 YourLibrary
005 20260201164119.0
008 260201s1995##################000#0#eng##
020 _a9780198183389
082 0 4 _a302.234
_bPRI
100 1 _aPrice, Monroe E.,
_eauthor.
245 1 0 _aTelevision, the Public Sphere, and National Identity :
260 _bOxford University Press,
_c1995.
300 _a324 pages
650 0 _aBusiness & Economics.
942 _cENGLISH
040 _aYourLibrary
_beng
_cYourLibrary
999 _c609937
_d609937